ბათუმის შოთა რუსთაველის სახელმწიფო უნივერსიტეტის ბიბლიოთეკა

საბავშვო პოემები (ბიბ.ჩანაწერი № 48867)

000 -LEADER
fixed length control field 01072nam a2200217Ia 4500
001 - CONTROL NUMBER
control field 15769
003 - CONTROL NUMBER IDENTIFIER
control field GE_BSU
008 - FIXED-LENGTH DATA ELEMENTS--GENERAL INFORMATION
fixed length control field 181216s||||||||xx |||||||||||||| ||und||
040 ## - CATALOGING SOURCE
Transcribing agency GE_BSU
080 ## - UNIVERSAL DECIMAL CLASSIFICATION NUMBER
Universal Decimal Classification number 82-93:821.353.1-11
100 ## - MAIN ENTRY--PERSONAL NAME
Personal name ჭელიძე, ოთარი
245 ## - TITLE STATEMENT
Title საბავშვო პოემები
245 ## - TITLE STATEMENT
Statement of responsibility, etc. რედ.ი.ორჯონიკიძე. ყდა და ტიტული თ.სამსონაძისა.ილუსტრ. შ.ცხადაძისა. მხ. შ. დოლიძე
260 ## - PUBLICATION, DISTRIBUTION, ETC.
Place of publication, distribution, etc. თბილისი
260 ## - PUBLICATION, DISTRIBUTION, ETC.
Name of publisher, distributor, etc. ნაკადული
260 ## - PUBLICATION, DISTRIBUTION, ETC.
Date of publication, distribution, etc. 1971
300 ## - PHYSICAL DESCRIPTION
Extent 163გვ. ; 16სმ.ილ.
653 ## - INDEX TERM--UNCONTROLLED
Uncontrolled term ალხანა და ჩალხანა; ფიცი კოცონთან; ლეგენდარული ჩანთა; მწვანე მეხამრიდი; ოქროყანელი შაქრო; განსაცდელი; თანდილა
653 ## - INDEX TERM--UNCONTROLLED
Uncontrolled term საბავშვო პოემები
942 ## - ADDED ENTRY ELEMENTS (KOHA)
Koha item type წიგნი
ეგზემპლარები
Withdrawn status Lost status Damaged status Not for loan Date acquired Barcode Date last seen Price effective from Koha item type
        2018-12-17 39230 2018-12-17 2018-12-17 წიგნი